• 首页
  • 本馆介绍
  • 公告通知
  • 最新文献
  • 馆藏检索
  • 电子资源
  • 读者导购
  • 参考咨询
  • 我的图书馆
  • 登录
  • 详细信息显示
  • 放入我的书架
  • 预约/预借图书
  • 作者相关作品
  • 分类相关作品
  • 丛书相关作品
  • 出版社相关作品

书目信息

  • 表格格式
  • 工作单格式
  • 卡片格式
书名: My first sixty years in China
作者: Sam Ginsbourg
分册号:
分册名:
出版地: Beijing, China :
 
出版社: New World Press
出版时间: 1982.
页数: 373 p., [7] p. of plates :
开本: 21 cm.
丛书名:
中图分类号:
科图分类号:
其他分类号: H319.4
主题词:
电子资源:
000 00967nam 2200265 a 4500
001 E0751621242
005 20070228142318.85
008 830309s1982 cc af 00010aeng
008 uu
010    @a83125286
049    @aN5LA
050 0  @aCT1828.G56 @bA36 1982
082 0  @a951.05/092/4 @aB @219
090    @a2/K835.1254/GS///////////////964732/-4/ 3cop.
090    @aH319.4
096    @aK835.1254 @v2
099    @dH319.4@ex339
100 10 @aGinsbourg, Sam, @d1914-
245 10 @aMy first sixty years in China / @cSam Ginsbourg
250    @a1st ed.
260 0  @aBeijing, China :@bNew World Press :@bDistributed by China Publications Centre,@c1982.
300    @a373 p., [7] p. of plates :@bill. ;@c21 cm.
600 10 @aGinsbourg, Sam, @d1914-
651  0 @aChina @vBiography. @b00 @c20020930 @lNLC09 @h2249 @lNLC09 @h2329 @lNLC09 @h1920 @b40 @c20031216 @lNLC09 @h1947 @b40 @c20031216 @lNLC09 @h1947
852 9  @bWWJC @cJ08S @k2 @hK835.1254 @iGS
    
    My first sixty years in China / / Sam Ginsbourg.-1st ed.-Beijing, China : : New World Press : : Distributed by China Publications Centre, , 1982.
    373 p., [7] p. of plates : : ill. ; ; 21 cm.
    
    
    ISBN
    
●
相关链接 在E读中查询图书 在五车中查询图书 在当当中查询图书 在豆瓣中查询图书


正题名:My first sixty years in China     索取号:H319.4/x339         预约/预借

序号 登录号 条形码 馆藏地/架位号 状态 备注
1 78969   001424275   第四借阅区/ [索取号:H319.4/x339] 在馆    
2 78971   001424211   第四借阅区/ [索取号:H319.4/x339] 在馆    
3 78972   001424248   第四借阅区/ [索取号:H319.4/x339] 在馆    
4 78973   001424284   第二样本阅览室/ [索取号:H319.4/x339] 在馆    
唐山师范学院图书馆 欢迎您!
大连网信软件有限公司© 版权所有